| 000 | 01529nam2a2200325 4500 | ||
|---|---|---|---|
| 001 | RU\NLR\bibl\385265 | ||
| 005 | 20250622154919.0 | ||
| 021 |
_aRU _b2003-4575 _9211 |
||
| 035 | _a(NLR Aleph) 000379640 | ||
| 090 |
_a447433 _c447433 |
||
| 100 | _a20030317d2002 |||y0rusy50 ca | ||
| 101 | 0 | _arus | |
| 102 | _aRU | ||
| 105 | _aa ||||||||| | ||
| 200 | 0 | _aВып. 1 | |
| 210 |
_d2002 _aБ. м. |
||
| 215 |
_a149 с. _cил. |
||
| 320 | _aБиблиогр. в конце докл. | ||
| 461 | 0 |
_1001RU\NLR\bibl\461731 _12001#$aНовые программные средства для предприятий Урала$vВып. 1 _9898860 _cМагнитогорск _d2002 _fПод ред. В. Д. Тутаровой _nМГТУ _oСб. тр. регион. науч.-техн. конф. _tНовые программные средства для предприятий Урала _vВып. 1 |
|
| 610 | 0 | _aАвтоматизированные системы планирования и управления предприятием - Программное обеспечение | |
| 610 | 0 | _aАвтоматизированные системы управления технологическими процессами - Программное обеспечение | |
| 675 |
_a658:004.42(470)(082) _v3 _zrus |
||
| 686 |
_a06.81 _2rugasnti |
||
| 686 |
_a65.290 _2rubbk |
||
| 801 | 0 |
_aRU _bRKP _c20030317 _gPSBO |
|
| 801 | 1 |
_aRU _bRKP _c20030317 |
|
| 801 | 2 |
_aRU _bNLR _c20031204 _grcr |
|
| 942 | _cBOOK | ||
| 980 | _aNB | ||